L'absorption du capital au Cameroun : 1965-1980 /

Saved in:
Bibliographic Details
Main Author: Njomgang, Claude.
Format: Book
Language:French
Published: Paris : Berger-Levrault, c1986.
Series:Série "Travaux de recherche de l'Université de Yaoundé".
Mondes en devenir. Série Documents et essais ; 4.
Subjects:
Tags: Add Tag
No Tags, Be the first to tag this record!
LEADER 01238nam a2200313 a 4500
001 001415519-2
005 20020606090541.3
008 890203s1986 fr a b 00010 fre
010 |a  88142014  
020 |a 2701306973 
035 0 |a ocm19323789 
040 |a DLC  |c DLC  |d HLS 
043 |a f-cm--- 
050 0 |a HC995.Z9  |b C36 1986 
100 1 |a Njomgang, Claude. 
245 1 2 |a L'absorption du capital au Cameroun :  |b 1965-1980 /  |c Njomgang Claude ; [préface de Patrick Guillaumont]. 
260 0 |a Paris :  |b Berger-Levrault,  |c c1986. 
300 |a 204 p. :  |b ill. ;  |c 20 cm. 
490 1 |a Collection Mondes en devenir ;  |v 17.  |a Série Documents et essais,  |x 0757-8180 ;  |v 4 
490 1 |a Série "Travaux de recherche de l'Université de Yaoundé" 
504 |a Bibliography: p. [185]-197. 
650 0 |a Capital  |z Cameroon. 
650 0 |a Absorptive capacity (Economics)  |z Cameroon. 
650 0 |a Saving and investment  |z Cameroon. 
776 0 8 |i Online version:  |a Njomgang, Claude.  |t Absorption du capital au Cameroun.  |d Paris : Berger-Levrault, ©1986  |w (OCoLC)988300971 
830 0 |a Série "Travaux de recherche de l'Université de Yaoundé". 
830 0 |a Mondes en devenir.  |p Série Documents et essais ;  |v 4. 
988 |a 20020608 
906 |0 DLC